00325nam a2200145Ia 4500008004100000041000800041082001700049100001500066245002000081250001200101260002700113300000800140365001600148700001500164230718s9999 xx 000 0 und d aeng a620.106bWHI aWhite F.M. aFluid Mechanics a6th ed. bTata Mc-graw Hill Pub. a794 cRs.b450.00 aWhite F.M.